<?xml version="1.0" encoding="UTF-8"?>
<record
    xmlns:xsi="http://www.w3.org/2001/XMLSchema-instance"
    xsi:schemaLocation="http://www.loc.gov/MARC21/slim http://www.loc.gov/standards/marcxml/schema/MARC21slim.xsd"
    xmlns="http://www.loc.gov/MARC21/slim">

  <leader>01954nam a2200265 a 4500</leader>
  <controlfield tag="001">BRCA_8784</controlfield>
  <controlfield tag="005">20190320210417.0</controlfield>
  <controlfield tag="008">170417s1785----sp-#######---#000-0#spa-#</controlfield>
  <datafield tag="041" ind1=" " ind2=" ">
    <subfield code="a">spa</subfield>
  </datafield>
  <datafield tag="044" ind1=" " ind2=" ">
    <subfield code="a">sp</subfield>
  </datafield>
  <datafield tag="084" ind1=" " ind2=" ">
    <subfield code="a">BE163</subfield>
    <subfield code="b">.S46 1785</subfield>
  </datafield>
  <datafield tag="100" ind1="1" ind2=" ">
    <subfield code="a">Senault, Juan Francisco</subfield>
    <subfield code="9">21895</subfield>
  </datafield>
  <datafield tag="245" ind1="1" ind2="0">
    <subfield code="a">Sermones panegyricos de los santos m&#xE1;s celebrados en la iglesia</subfield>
    <subfield code="c">compuestos por el R.P. Juan Francisco Senault, prebistero del Oratorio de Jes&#xFA;s de la Corte de Par&#xED;s; traducidos del franc&#xE9;s al castellano por el R. P. Fr. Isidro Antonio Hurtado...</subfield>
  </datafield>
  <datafield tag="260" ind1=" " ind2=" ">
    <subfield code="a">Madrid</subfield>
    <subfield code="b">Por Blas Rom&#xE1;n</subfield>
    <subfield code="c">1785</subfield>
  </datafield>
  <datafield tag="300" ind1=" " ind2=" ">
    <subfield code="a">[2], 366p. (t.4)</subfield>
    <subfield code="c">21.2 x 15 cm.</subfield>
  </datafield>
  <datafield tag="500" ind1=" " ind2=" ">
    <subfield code="a">Estado f&#xED;sico: presenta encuadernaci&#xF3;n en pergamino, con lomo semi desprendido y deteriorado, y algunas hojas manchadas</subfield>
  </datafield>
  <datafield tag="500" ind1=" " ind2=" ">
    <subfield code="a">Con marca de fuego: &#x201C;Procedencia de la marca: Convento de San Francisco de M&#xE9;xico, D.F. (1).  Instituci&#xF3;n: Orden de Frailes Menores. Provincia del Santo Evangelio de M&#xE9;xico. Descripci&#xF3;n: Abreviatura que se desata como S[an] Fran[cis]co d[e] Mex[ico]. Observaciones: Rafael Sala y Carlos Krausse la catalogan como perteneciente al Convento de San Francisco de la Ciudad de M&#xE9;xico, D.F. ----- El ejemplar de la biblioteca Jos&#xE9; Mar&#xED;a Lafragua contiene un ex-libris en guarda volante posterior que dice: &#xB4;Ex Bibliotheca Magni Mexicani Conbentus S. P. N. S. Francisci&#xB4;. Ubicaci&#xF3;n de la marca en el libro: Canto superior&#x201D;</subfield>
  </datafield>
  <datafield tag="505" ind1="0" ind2=" ">
    <subfield code="a">Contiene: con una tabla de los pensamientos, y materias contenidas respectivamente en cada tomo, para uso de los predicadores, hecha por el autor de la obra, y acomodada por el traductor</subfield>
  </datafield>
  <datafield tag="650" ind1="1" ind2="4">
    <subfield code="a">Paneg&#xED;ricos</subfield>
    <subfield code="y">S. XVIII</subfield>
    <subfield code="9">21896</subfield>
  </datafield>
  <datafield tag="700" ind1="1" ind2=" ">
    <subfield code="a">Hurtado, Isisdro Antonio</subfield>
    <subfield code="e">tr.</subfield>
    <subfield code="9">21897</subfield>
  </datafield>
  <datafield tag="700" ind1="1" ind2=" ">
    <subfield code="a">Blas, Rom&#xE1;n</subfield>
    <subfield code="e">Impresor</subfield>
    <subfield code="9">21898</subfield>
  </datafield>
  <datafield tag="856" ind1=" " ind2=" ">
    <subfield code="a">http://www.marcasdefuego.buap.mx:8180/xmLibris/projects/firebrand/item.jsp?repository=marcas_de_fuego&amp;key=92346a45.xml&amp;num=62</subfield>
  </datafield>
  <datafield tag="902" ind1=" " ind2=" ">
    <subfield code="a">CFM</subfield>
  </datafield>
  <datafield tag="942" ind1=" " ind2=" ">
    <subfield code="2">lcc</subfield>
    <subfield code="c">B</subfield>
  </datafield>
  <datafield tag="999" ind1=" " ind2=" ">
    <subfield code="c">8435</subfield>
    <subfield code="d">8435</subfield>
  </datafield>
  <datafield tag="952" ind1=" " ind2=" ">
    <subfield code="0">0</subfield>
    <subfield code="1">0</subfield>
    <subfield code="4">0</subfield>
    <subfield code="7">0</subfield>
    <subfield code="a">BRCA</subfield>
    <subfield code="b">BRCA</subfield>
    <subfield code="d">2017-04-17</subfield>
    <subfield code="l">0</subfield>
    <subfield code="o">BE163 .S46 1785</subfield>
    <subfield code="p">CFM00111</subfield>
    <subfield code="r">2019-03-22 00:00:00</subfield>
    <subfield code="w">2019-03-22</subfield>
    <subfield code="y">B</subfield>
  </datafield>
</record>
